| 000 | 02582nam a2200313 4500 | ||
|---|---|---|---|
| 001 | 23 | ||
| 003 | OSt | ||
| 005 | 20250528074009.0 | ||
| 008 | 250121b |||||||e |||| 00| 1 eng d | ||
| 020 | _a8532511821 | ||
| 040 | _bpor | ||
| 041 |
_heng _apor |
||
| 082 |
_a813 _bA473n |
||
| 100 | 1 |
_aAlvarez, Julia _d1950- _952 |
|
| 240 | _aIn the time of the butterflies | ||
| 245 |
_aNo tempo das Borboletas / _cAlvarez, Julia ; Tradução de Léa Viveiros de Castro |
||
| 260 |
_aRio de Janeiro _bRocco _c2001 |
||
| 300 | _a315 p. | ||
| 520 | _aAmbientado durante os últimos dias da ditadura de Trujillo na República Dominicana em 1960, este romance extraordinário conta a história das irmãs Mirabal, três jovens esposas e mães que são assassinadas após visitarem seus maridos presos. Do autor de How the Garcia Girls Lost Their Accents, vem este conto de coragem e irmandade ambientado na República Dominicana durante a ascensão da ditadura de Trujillo. Uma mistura habilidosa de fato e ficção, In the Time of the Butterflies é inspirado na história real das três irmãs Mirabal que, em 1960, foram assassinadas por sua participação em uma conspiração clandestina para derrubar o governo. Alvarez dá vida a essas figuras históricas — conhecidas como "las mariposas" ou "as borboletas" no subsolo — enquanto imagina seus anos de adolescência, seu envolvimento gradual com a revolução e seu terror quando sua dissidência é descoberta. A escrita controlada de Alvarez captura perfeitamente a tensão crescente enquanto "as borboletas" se aproximam de seu fim horrível. O romance começa com as lembranças de Dede, a quarta e sobrevivente irmã, que teme abandonar suas rotinas e seu marido para se juntar ao movimento. Alvarez também oferece as perspectivas das outras irmãs: a corajosa e franca Minerva, a líder política da família; a piedosa Patria, que abandona sua fé para se juntar às irmãs após testemunhar as atrocidades da tirania; e a irmãzinha, a sensível Maria Teresa, que, em uma série de diários, narra sua lealdade a Minerva e a angústia física e espiritual da vida na prisão. In the Time of the Butterflies é um livro notável da American Library Association e indicado ao National Book Critics Circle Award de 1995. | ||
| 650 | 0 |
_aLiteratura Americana _984 |
|
| 650 | 0 |
_aGrandes Amizades _928 |
|
| 650 | 0 |
_aDitadura _934 |
|
| 650 | 0 |
_aEmponderamento _932 |
|
| 650 | 0 |
_aHistórico _953 |
|
| 655 | 0 |
_aRomance _923 |
|
| 655 | 0 |
_aFicção _922 |
|
| 700 |
_aLéa Viveiros de Castro _eTradutor _954 |
||
| 942 |
_2ddc _n0 _cBK |
||
| 999 |
_c23 _d23 |
||